000 00543nam a2200229Ia 4500
003 OSt
005 20221007082552.0
006 a|||||r|||| 00| 0
007 ta
008 221006b |||||||| |||| 00| 0 eng d
024 _a21,067
037 _cTextual
040 _aFLL
_cFLL
_beng
041 _2eng
_aeng
082 _aZ2,853, N8
100 _aMoga P.C.
_9699168
245 0 _aLaw of pleadings in India
250 _a16th
260 _c1998
942 _hZ2,853, N8
_cTEXL
_2CC
999 _c1166902
_d1166902